Acts of literary theory/ (Record no. 71802)

000 -LEADER
fixed length control field 00369nam a22001457a 4500
020 ## - INTERNATIONAL STANDARD BOOK NUMBER
International Standard Book Number 9789385528583
082 ## - DEWEY DECIMAL CLASSIFICATION NUMBER
Classification number 801
Item number VAL/A
100 ## - MAIN ENTRY--PERSONAL NAME
Personal name Rahaman Valiur
9 (RLIN) 47389
245 ## - TITLE STATEMENT
Title Acts of literary theory/
Statement of responsibility, etc. by Rahaman Valiur
260 ## - PUBLICATION, DISTRIBUTION, ETC.
Place of publication, distribution, etc. Jaipur:
Name of publisher, distributor, etc. Yking Books,
Date of publication, distribution, etc. 2017.
300 ## - PHYSICAL DESCRIPTION
Extent 189p.
650 ## - SUBJECT ADDED ENTRY--TOPICAL TERM
Topical term or geographic name entry element Literary Theory
9 (RLIN) 47390
650 ## - SUBJECT ADDED ENTRY--TOPICAL TERM
Topical term or geographic name entry element Literature
9 (RLIN) 47391
942 ## - ADDED ENTRY ELEMENTS (KOHA)
Koha item type Book
Holdings
Withdrawn status Lost status Damaged status Not for loan Permanent Location Current Location Shelving location Date acquired Cost, normal purchase price Total Checkouts Full call number Barcode Date last seen Price effective from Koha item type
        Sree Sankaracharya University of Sanskrit Sree Sankaracharya University of Sanskrit Stacks 31.05.2018 1195.00   801 VAL/A 089852 31.05.2018 31.05.2018 Book